Principal Designer role – Building Regulations (Record no. 121902)

MARC details
000 -LEADER
fixed length control field 01247nam a22002537a 4500
008 - FIXED-LENGTH DATA ELEMENTS--GENERAL INFORMATION
fixed length control field 230602e20241104xxk|||||o|||| 00| 0 eng d
041 ## - LANGUAGE CODE
Language code of text/sound track or separate title eng
110 ## - MAIN ENTRY--CORPORATE NAME
Corporate author Royal Institution of Chartered Surveyors
245 ## - TITLE STATEMENT
Title Principal Designer role – Building Regulations
Medium [Email]
260 ## - PUBLICATION INFORMATION
Place of publication London,
Publisher Royal Institution of Chartered Surveyors,
Date 11 April 2024
300 ## - PHYSICAL DESCRIPTION
Physical description email
490 ## - SERIES TITLE
Series statement RICS Email
520 ## - ABSTRACT
Abstract Invites members to fill out a survey to determine awareness of the new role of Principal Designer (Building Regulations) under the Building Safety Act 2022. The survey results will help inform RICS of what it can do to support its members better.
650 ## - KEYWORDS
Keywords BUILDING CONTROL
650 ## - KEYWORDS
Keywords PRINCIPAL DESIGNER
650 ## - KEYWORDS
Keywords BUILDING SAFETY ACT 2022
651 ## - SUBJECT ADDED ENTRY--GEOGRAPHIC NAME
Geographic name United Kingdom
690 ## - BROAD SUBJECT
9 (RLIN) 6225
Broad subject Building surveying
690 ## - BROAD SUBJECT
Broad subject Building control
9 (RLIN) 6222
710 ## - ADDED CORPORATE NAME
Added corporate author Royal Institution of Chartered Surveyors
856 ## - ONLINE RESOURCE
Uniform Resource Identifier <a href="https://www.rics.org/content/dam/ricsglobal/documents/regulation/RICS%20Practice%20Alert%20-%20UK%20Home%20Surveys.pdf">https://www.rics.org/content/dam/ricsglobal/documents/regulation/RICS%20Practice%20Alert%20-%20UK%20Home%20Surveys.pdf</a>
Public note View the online Practice Update
856 ## - ONLINE RESOURCE
Uniform Resource Identifier <a href="https://rics.koha-ptfs.co.uk/cgi-bin/koha/opac-retrieve-file.pl?id=2f00e70eb4453051d07953422b860dff">https://rics.koha-ptfs.co.uk/cgi-bin/koha/opac-retrieve-file.pl?id=2f00e70eb4453051d07953422b860dff</a>
Public note View email
942 ## - ADDED ENTRY ELEMENTS (KOHA)
Suppress in OPAC Do not suppress in OPAC
Holdings
Lost status Damaged status Not for loan Current library Shelving location Date acquired Total Checkouts Full call number Date last seen Price effective from Koha item type
      Virtual Online 16/04/2024   email 16/04/2024 16/04/2024 email